Southville International School and Colleges
Your cart is empty.
  • Cart
  • Lists
    Public lists Eva Luna New books Lux_list list_1
    Your lists Log in to create your own lists
  • Log in to your account
  • Your cookies
  • Search history
Southville International School and Colleges
  • Advanced search
  • Recent comments
  • Most popular
  • Libraries

Log in to your account

Log in with GOOGLE


If you do not have an external account, but do have a local account, you can still log in:

  1. Home
  2. MARC view: Research-based methods of reading instruction grades K-3 /
Normal view MARC view ISBD view

Research-based methods of reading instruction grades K-3 / (Record no. 12606)

[ view plain ]
MARC details
000 -LEADER
fixed length control field 00694nam a22002177a 4500
003 - CONTROL NUMBER IDENTIFIER
control field OSt
005 - DATE AND TIME OF LATEST TRANSACTION
control field 20160602155237.0
008 - FIXED-LENGTH DATA ELEMENTS--GENERAL INFORMATION
fixed length control field 131001t xxu||||| |||| 00| 0 eng d
020 ## - INTERNATIONAL STANDARD BOOK NUMBER
International Standard Book Number 9780871209467
050 ## - LIBRARY OF CONGRESS CALL NUMBER
Classification number LB 1525
Item number .V34 2004
082 ## - DEWEY DECIMAL CLASSIFICATION NUMBER
Classification number GLT 372.41
Item number V46 2004
100 ## - MAIN ENTRY--PERSONAL NAME
Personal name Vaughn, Sharon
9 (RLIN) 22677
245 ## - TITLE STATEMENT
Title Research-based methods of reading instruction grades K-3 /
Statement of responsibility, etc Sharon Vaughn, Sylvia Linan-Thompson.
260 ## - PUBLICATION, DISTRIBUTION, ETC. (IMPRINT)
Place of publication, distribution, etc Alexandria, VA :
Name of publisher, distributor, etc ASCD,
Date of publication, distribution, etc c2004.
300 ## - PHYSICAL DESCRIPTION
Extent 149 p. :
Other physical details ill, ;
Dimensions 25 cm.
504 ## - BIBLIOGRAPHY, ETC. NOTE
Bibliography, etc Includes bibliographical references and index
562 ## - COPY AND VERSION IDENTIFICATION NOTE
Number of copies 1
650 ## - SUBJECT ADDED ENTRY--TOPICAL TERM
Topical term or geographic name as entry element Reading (Primary)
General subdivision United States
9 (RLIN) 22678
942 ## - ADDED ENTRY ELEMENTS (KOHA)
Source of classification or shelving scheme Library of Congress Classification
Koha item type Books
Edition GLT
Holdings
Withdrawn status Lost status Source of classification or shelving scheme Damaged status Home library Current library Shelving location Date acquired Source of acquisition Total Checkouts Full call number Barcode Date last seen Copy number Price effective from Koha item type
    Library of Congress Classification   Luxembourg Library Luxembourg Library Genevive Ledesma - Tan Section 10/01/2013 Donation   LB 1525 .V34 2004 14451 10/01/2013 1 10/01/2013 Books

Research-based methods of reading instruction grades K-3 /

APA

Vaughn S., . (2004). Research-based methods of reading instruction grades K-3. Alexandria, VA: ASCD.

Chicago

Vaughn Sharon, . 2004. Research-based methods of reading instruction grades K-3. Alexandria, VA: ASCD.

Harvard

Vaughn S., . (2004). Research-based methods of reading instruction grades K-3. Alexandria, VA: ASCD.

MLA

Vaughn Sharon, . Research-based methods of reading instruction grades K-3. Alexandria, VA: ASCD. 2004.

  • Place hold
  • Print
  • Cite
  • Add to your cart (remove)
  • Save record
    BIBTEX Dublin Core MARCXML MARC (non-Unicode/MARC-8) MARC (Unicode/UTF-8) MARC (Unicode/UTF-8, Standard) MODS (XML) RIS
  • More searches
    Search for this title in:
    Other Libraries (WorldCat) Other Databases (Google Scholar) Online Stores (Bookfinder.com) Open Library (openlibrary.org)

Exporting to Dublin Core...

SOUTHVILLE LIBRARY

Southville International School and Colleges Library

1281 Tropical Ave. Cor. Luxembourg St., BF Homes International, Las Pinas City

Tel. No. 8256374 / 252358 Loc. 117/146

Powered by Koha